| 000 | 01474nam0a2200301 4500 | ||
|---|---|---|---|
| 001 | RU\NLR\bibl\1726852 | ||
| 005 | 20250616074150.0 | ||
| 021 |
_aRU _b2010-55454п _92397п |
||
| 035 | _a(NLR Aleph) 001717819 | ||
| 090 |
_a1320651 _c1320651 |
||
| 100 | _a20110124d2010 |||y0rusy50 ca | ||
| 101 | 0 | _arus | |
| 102 | _aRU | ||
| 105 | _ay ||||||||| | ||
| 200 | 1 |
_aТаможенные процедуры в Российской Федерации _e[таможенный или экономический союз, управляющий комитет, разрешение споров, таможенная территория Российской Федерации] |
|
| 210 |
_aМосква _cПрофиздат _d2010 |
||
| 215 |
_a79, [1] с. _d20 |
||
| 225 | 1 |
_aБиблиотечка профсоюзного актива и предпринимателей _v23, 2010 |
|
| 604 |
_171001$aРоссийская Федерация _1500##$3RU\NLR\AUTH\661259593$aТаможенный кодекс$2nlr_sh2 _aРоссийская Федерация _tТаможенный кодекс _92083529 _3RU\NLR\AUTH\661259593 |
||
| 606 | 1 |
_aТаможенное дело _xМеждународно-правовые вопросы _91745417 _3RU\NLR\AUTH\661077234 |
|
| 686 | 1 | _aХ621.165.203.1-324.9(2Р) | |
| 686 | 1 | _aХ916.14-321 | |
| 801 | 0 |
_aRU _bNLR _c20110124 _gRCR |
|
| 801 | 1 |
_aRU _bNLR _c20110124 |
|
| 942 | _cBOOK | ||
| 980 | _aNB | ||